"Cvetnyje revoljucii" na postsovetskom prostranstve

Bibliographic Details
Main Authors: Naumova, Anastasija Jur'jevna (Author), Avdejev, Viktor Jevgen'jevič (Author), Naumov, Aleksandr Olegovič (Author)
Format: Book
Language:Russian
PhysicalDescription:162 s. 21 cm
Published: Sankt-Peterburg Aletejja 2013
ISBN:9785914198968
Subjects:

MARC

LEADER 00000nam a2200000 a 4500
001 vtls010867086
003 SK-MaSNL
005 20260301220045.0
008 240313s2013 ru f 000 0 rus
020 |a 9785914198968  |q (viaz.) 
040 |a SNK  |b slo  |c SNK  |e AACR2 
041 0 |a rus 
044 |a ru  |c RU 
072 7 |a 32  |x Politika  |2 konspekt 
080 |a 323.272  |2 2001 
080 |a (479.22)  |2 2001 
080 |a 316.423.3  |2 2001 
080 |a 32  |2 2001 
080 |a (477)  |2 2001 
080 |a (575.2)  |2 2001 
080 |a (048.8)  |2 2001 
100 1 |a Naumova, Anastasija Jur'jevna  |4 aut  |9 606692 
245 1 0 |a "Cvetnyje revoljucii" na postsovetskom prostranstve  |c Anastasija Naukova, Viktor Avdejev, Aleksandr Naumov 
260 |a Sankt-Peterburg  |b Aletejja  |c 2013 
300 |a 162 s.  |c 21 cm 
648 7 |a 2003-2012  |2 SNKPH  |9 334226 
650 0 7 |a revolúcie  |2 SNKPH  |9 4760 
650 0 7 |a politika  |2 SNKPH  |9 968 
650 0 7 |a Revolutions  |2 SNKPHeng  |9 315873 
650 0 7 |a Policy  |2 SNKPHeng  |9 265829 
651 7 |a Gruzínsko  |2 SNKPH  |9 19844 
651 7 |a Ukrajina  |2 SNKPH  |9 168045 
651 7 |a Kirgizsko  |2 SNKPH  |9 23808 
651 7 |a Georgia (Republic)  |2 SNKPHeng  |9 145344 
651 7 |a Ukraine  |2 SNKPHeng  |9 266376 
651 7 |a Kyrgyzstan  |2 SNKPHeng  |9 313693 
655 7 |a monografie  |2 SNKPH  |9 70139 
655 7 |a Monographs  |2 SNKPHeng  |9 120675 
700 1 |a Avdejev, Viktor Jevgen'jevič  |4 aut  |9 606693 
700 1 |a Naumov, Aleksandr Olegovič  |4 aut  |9 606694 
919 |a 978-5-91419-896-8 
999 |c 930461  |d 932391 
952 |a SNK  |b SNK  |y VYP  |7 0  |p 17A1123914  |o snkIC 141664  |i snk2015/28970  |8 2  |g 13.16  |0 0  |1 0  |4 0  |d 2015-09-07  |l 0  |r 2026-02-24 08:46:35  |w 2026-02-24